Zelmira Segreda, la alondra costarricense

Đã lưu trong:
Chi tiết về thư mục
Tác giả chính: Zúñiga Tristán, Virginia
Định dạng: Sách
Ngôn ngữ:Undetermined
Được phát hành: San José, Costa Rica Editorial Universidad Estatal a Distancia 1988
Những chủ đề:
Các nhãn: Thêm thẻ
Không có thẻ, Là người đầu tiên thẻ bản ghi này!

MARC

LEADER 00000nam a2200000Ia 4500
008 170316s9999 xx 000 0 und d
040 |a cru BVZT 
090 |a B-868 Z-3z 
100 |a Zúñiga Tristán, Virginia 
245 |a Zelmira Segreda, la alondra costarricense 
260 |a San José, Costa Rica 
260 |b Editorial Universidad Estatal a Distancia 
260 |c 1988 
300 |a 132 páginas 
650 |a LITERATURA COSTARRICENSE 
650 |a BIOGRAFÍA 
999 |c 12828  |d 12828 
942 |c 15 D  |h B-868 Z-3z  |2 z